000 01003nam a22003017a 4500
001 BR9402857
003 BR-BrBNA
005 20230928094152.0
007 ta
008 230509b bl.||||| |||| 00| 0 por d
040 _aBR-BrBNA
_bpor
_cBiblioteca Nacional de Agricultura
041 _a(Por)
072 _aL40
_b5250
090 _ 5250 BR9402857
100 1 _aSousa, M.R.Q. de
110 1 _aUniversidade de Sao Paulo, SP (Brasil). Faculdade de Medicina Veterinaria e Zootecnia
_0Tese (Mestre em Anatomia dos Animais Domesticos)
_910560
245 1 _aContribuicao ao estudo da vascularizacao arterial do testiculo em caprinos (Capra hircus Linnaeus, 1758)da raca BHUJ brasileira
260 3 _aSao Paulo, SP (Brasil):
_c1991.
300 _a157 p.
500 _a66 illus.; 14 tables; Summaries (Eng, Por); 45 ref.
650 _aCaprino
650 _aRaca
650 _aTesticulo
650 _aArteria
650 _aAnatomia Animal
909 _a202309
_bLucia
_c55
_dLucia Elande
942 _cBK
999 _c49201
_d49201